RNA and DNA Diagnostics

The aim of molecular diagnostics is preferentially to detect a developing disease before any symptoms appear. There has been a significant increase, fueled by technologies from the human genome project, in the availability of nucleic acid sequence information for all living organisms including bacte...

Full description

Bibliographic Details
Corporate Author: SpringerLink (Online service)
Other Authors: Erdmann, Volker A. (Editor), Jurga, Stefan (Editor), Barciszewski, Jan (Editor)
Format: Electronic eBook
Language:English
Published: Cham : Springer International Publishing : Imprint: Springer, 2015.
Series:RNA Technologies,
Subjects:
Online Access:Full Text via HEAL-Link
LEADER 03688nam a22005535i 4500
001 978-3-319-17305-4
003 DE-He213
005 20151103121618.0
007 cr nn 008mamaa
008 150610s2015 gw | s |||| 0|eng d
020 |a 9783319173054  |9 978-3-319-17305-4 
024 7 |a 10.1007/978-3-319-17305-4  |2 doi 
040 |d GrThAP 
050 4 |a RB155-155.8 
050 4 |a QH431 
072 7 |a MFN  |2 bicssc 
072 7 |a MED107000  |2 bisacsh 
082 0 4 |a 611.01816  |2 23 
082 0 4 |a 599.935  |2 23 
245 1 0 |a RNA and DNA Diagnostics  |h [electronic resource] /  |c edited by Volker A. Erdmann, Stefan Jurga, Jan Barciszewski. 
264 1 |a Cham :  |b Springer International Publishing :  |b Imprint: Springer,  |c 2015. 
300 |a X, 349 p. 124 illus., 78 illus. in color.  |b online resource. 
336 |a text  |b txt  |2 rdacontent 
337 |a computer  |b c  |2 rdamedia 
338 |a online resource  |b cr  |2 rdacarrier 
347 |a text file  |b PDF  |2 rda 
490 1 |a RNA Technologies,  |x 2197-9731 
505 0 |a Electrochemical Biosensors for miRNA Detection -- Electrochemical Detection of RNA.- DNA and PNA probes for DNA Detection in Electroanalytical Systems -- DNA for Non-Nucleic Acid Sensing -- Aptamers in Oncotherapy -- Genotyping of Single Nucleotide Polymorphism -- Environmentally Responsive and Bright Fluorescent Probes Possessing Dansyl-modified Oligonucleotides under Hybridization of DNA and RNA -- Fluorescent Nucleic Acid Analogues in Research and Clinical Diagnostics -- Emergent Properties and Functions of Nanoconfined Nucleic Acid Architectures -- RNA and DNA Diagnostics on Microspheres: Current and Emerging Methods -- DNA and RNA Electronic Properties for Molecular Modifications and Environmental State Diagnostics -- Mechanochemical Sensing.- Microarrays as Research Tools and Diagnostic Devices -- Quadruplex Priming Amplification (QPA) for Nucleic Acid Diagnostics.- Single-molecule strategies for DNA and RNA diagnostics -- Detection and Assessment of microRNA Expression in Human Disease. 
520 |a The aim of molecular diagnostics is preferentially to detect a developing disease before any symptoms appear. There has been a significant increase, fueled by technologies from the human genome project, in the availability of nucleic acid sequence information for all living organisms including bacteria and viruses. When combined with a different type of instrumentation applied, the resulting diagnostics is specific and sensitive. Nucleic acid-based medical diagnosis detects specific DNAs or RNAs from the infecting organism or virus and a specific gene or the expression of a gene associated with a disease. Nucleic acid approaches also stimulate a basic science by opening lines of inquiry that will lead to greater understanding of the molecules at the center of life. One can follow Richard Feynman’s famous statement “What I cannot create, I do not understand.”. 
650 0 |a Medicine. 
650 0 |a Human genetics. 
650 0 |a Molecular biology. 
650 0 |a Biotechnology. 
650 0 |a Nucleic acids. 
650 1 4 |a Biomedicine. 
650 2 4 |a Human Genetics. 
650 2 4 |a Nucleic Acid Chemistry. 
650 2 4 |a Molecular Medicine. 
650 2 4 |a Biotechnology. 
700 1 |a Erdmann, Volker A.  |e editor. 
700 1 |a Jurga, Stefan.  |e editor. 
700 1 |a Barciszewski, Jan.  |e editor. 
710 2 |a SpringerLink (Online service) 
773 0 |t Springer eBooks 
776 0 8 |i Printed edition:  |z 9783319173047 
830 0 |a RNA Technologies,  |x 2197-9731 
856 4 0 |u http://dx.doi.org/10.1007/978-3-319-17305-4  |z Full Text via HEAL-Link 
912 |a ZDB-2-SBL 
950 |a Biomedical and Life Sciences (Springer-11642)